| 000 | 01687nam0a2200325 i 4500 | ||
|---|---|---|---|
| 001 | RU\NLR\BIBL_A\011344380 | ||
| 005 | 20240921230005.0 | ||
| 010 |
_a9785885172677 _9500 |
||
| 021 |
_aRU _b2017-8253 _9600 |
||
| 035 | _a(NLR Aleph) 011344380 | ||
| 090 |
_a11209872 _c11209872 |
||
| 100 | _a20170313d2016 k y0rusy50 ca | ||
| 101 | 0 |
_arus _deng |
|
| 102 | _aRU | ||
| 105 | _aa z 000zy | ||
| 200 | 1 |
_aСборник научных трудов факультета энергетики и природопользования _fМинистерство сельского хозяйства Российской Федерации, ФГБОУ ВО "Брянский государственный аграрный университет" |
|
| 210 |
_aБрянск _cИзд-во Брянского государственного аграрного университета _d2016 |
||
| 215 |
_a125 с. _cил. _d20 |
||
| 300 | _aРез. на англ. яз. | ||
| 320 | _aБиблиогр. в конце ст. | ||
| 606 | 1 |
_aСельское хозяйство _jСборники _xРесурсосбережение _92195902 _3RU\NLR\AUTH\661319766 |
|
| 606 | 1 |
_aСельское хозяйство _jСборники _xЭнергосберегающие технологии _92472558 _3RU\NLR\AUTH\661468370 |
|
| 686 | 1 | _aП.я43 | |
| 686 | 1 | _aП076я43 | |
| 710 | 0 | 2 |
_aБрянский государственный аграрный университет _bФакультет энергетики и природопользования _9552113 _3RU\NLR\AUTH\880444053 |
| 942 | _cBOOK | ||
| 980 | _aNBR | ||